Championnat du Monde de Fléchettes - Dernier Carré - Statistiques

Statistiques générales
  • Ce quiz a été pris 80 fois
  • Le résultat moyen est 15 sur 49
Statistiques - réponses
Réponse % Correct
Luke Littler
100%
Gian Van Veen
92%
Michael van Gerwen
90%
Luke Humphries
89%
Gary Anderson
83%
Stephen Bunting
80%
Phil Taylor
75%
Bob Anderson
73%
Gerwyn Price
73%
Ryan Searle
72%
Peter Wright
70%
Michael Smith
66%
Dennis Smith
65%
Rob Cross
56%
Nathan Aspinall
46%
Adrian Lewis
39%
James Lewis
38%
Raymond van Barneveld
38%
James Wade
35%
Chris Dobey
27%
John Part
27%
Dennis Priestley
17%
Dave Chisnall
15%
Dimitri Van den Bergh
14%
Scott Williams
13%
Gabriel Clemens
11%
John Lowe
10%
Simon Whitlock
8%
Eric Bristow
7%
Peter Manley
7%
Andy Hamilton
6%
Kirk Shepherd
6%
Mark Dudbridge
6%
Wayne Mardle
6%
Andy Jenkins
4%
Jelle Klaasen
4%
Kevin Painter
4%
Terry Jenkins
4%
Wayne Jones
4%
Alan Warriner
3%
Mark Webster
3%
Mervyn King
3%
Rod Harrington
3%
Colin Lloyd
1%
Dave Askew
1%
Jamie Harvey
1%
Keith Deller
1%
Peter Evison
1%
Shayne Burgess
1%
Aucun quiz correspondant
Distribution des résultats
% des personnes avec chaque résultat
Percentile par nombre de réponses
Votre historique - résultats
Vous n’avez pas pris ce quiz